00998nam a2200265uu 4500001000800000005001700008008004100025020001500066035001200081035002100093040001300114041000800127080000700135110004400142245004200186250001100228260005100239300001500290520023000305650003800535650003900573650002900612700005300641700003800694112770320260507085535.0090226s2005 spa  a9701047117 a1127703 a(OCoLC)651328475 ccomduadb aspa aWY20aLippincott Williams & Wilkins4auteaut10aGuia profesional de signos y sintomas a4. ed. aMéxico :bMcGraw-Hill Interamericana,c2005. axv, 704 p.3 aAbarca mas de 550 signos y sintomas, que van desde los indicadores habituales de enfermedad, como la fiebre y el vomito, hasta otros menos comunes, mas no por ello menos significativos, como el nistagmo y desviacion traqueal. 7aEvaluación en enfermería2dcs 7aDiagnóstico de enfermería2dcs 7aSignos y síntomas2dcs10aBlanco y Correa Magallanes, Jorge Luis4trletrl10aOrizaga Samperio, Jorge4trletrl